[Event "XVII Festival A"]
[Site "Trieste ITA"]
[Date "2015.08.29"]
[Round "1"]
[White "Pap, Gyula"]
[Black "Debevec, Blaz"]
[Result "1-0"]
[WhiteElo "2536"]
[BlackElo "2154"]
[PlyCount "88"]
[EventDate "2015.08.29"]

1. d4 d5 2. Nf3 Nf6 3. e3 c6 4. c4 Bf5 5. Nc3 a6 6. Be2 h6 7. Bd3 Bxd3 8. Qxd3
e6 9. O-O Nbd7 10. e4 dxe4 11. Nxe4 Nxe4 12. Qxe4 Bd6 13. Rd1 O-O 14. Qg4 Nf6
15. Qh4 Nh7 16. Qh3 Qf6 17. Qg4 Rad8 18. Be3 Bb8 19. Rd3 Rfe8 20. Bd2 Nf8 21.
Ba5 Rd7 22. Rad1 Ng6 23. g3 Bc7 24. Bc3 Qf5 25. Qxf5 exf5 26. Bb4 Red8 27. Re1
f6 28. Rb3 Kf7 29. Bc5 b5 30. Rc1 Nf8 31. Bxf8 Rxf8 32. cxb5 cxb5 33. Rc6 Ra8
34. a4 bxa4 35. Rb7 Rc8 36. d5 Ke7 37. Rbxc7 Rcxc7 38. d6+ Rxd6 39. Rxc7+ Kf8
40. Rb7 Rd3 41. Nh4 a5 42. Nxf5 a3 43. bxa3 Rxa3 44. Nxg7 a4 1-0

[Event "XVII Festival A"]
[Site "Trieste ITA"]
[Date "2015.08.29"]
[Round "1"]
[White "Pepino, Enrico"]
[Black "Werle, Jan"]
[Result "1/2-1/2"]
[WhiteElo "2154"]
[BlackElo "2525"]
[PlyCount "108"]
[EventDate "2015.08.29"]

1. e4 c5 2. Nf3 e6 3. d4 cxd4 4. Nxd4 a6 5. Bd3 Nf6 6. Qe2 d6 7. O-O Be7 8. c4
Nc6 9. Nxc6 bxc6 10. Nc3 O-O 11. Be3 e5 12. Rfd1 Qc7 13. Rac1 Rd8 14. b4 Ng4
15. a4 Nxe3 16. Qxe3 h6 17. Rb1 Bg5 18. Qe2 Be6 19. g3 Rdb8 20. h4 Bd8 21. Rdc1
Qa7 22. Kg2 Bb6 23. a5 Bd4 24. Na4 Rf8 25. c5 f5 26. exf5 Bxf5 27. f3 d5 28.
Rf1 Rf6 29. Nb6 Raf8 30. Bxf5 Rxf5 31. Qd3 Qf7 32. Rbd1 g5 33. h5 Qh7 34. g4
Rf4 35. Qxh7+ Kxh7 36. Rd3 e4 37. Rb3 Kg7 38. Nd7 R8f7 39. Nb8 R4f6 40. Nxa6
Ra7 41. b5 cxb5 42. Nb4 Bxc5 43. Nxd5 exf3+ 44. Rfxf3 Rxf3 45. Kxf3 Rxa5 46.
Nc7 Kf6 47. Rxb5 Ra3+ 48. Ke4 Ra4+ 49. Kd5 Bg1 50. Ne8+ Ke7 51. Ng7 Kf6 52.
Ne8+ Ke7 53. Ng7 Rxg4 54. Rb7+ Kf8 1/2-1/2

[Event "XVII Festival A"]
[Site "Trieste ITA"]
[Date "2015.08.29"]
[Round "1"]
[White "Urkedal, Frode"]
[Black "Teeuwen, Jos"]
[Result "1-0"]
[WhiteElo "2509"]
[BlackElo "2154"]
[PlyCount "49"]
[EventDate "2015.08.29"]

1. d4 Nf6 2. c4 g6 3. Nc3 Bg7 4. e4 O-O 5. Nf3 c6 6. e5 Ne8 7. Be2 d6 8. Bf4
Bg4 9. O-O Nd7 10. exd6 Nxd6 11. Ne5 Bxe2 12. Qxe2 Nf6 13. Rad1 Nh5 14. Bc1 Qc8
15. c5 Nf5 16. g4 Nh4 17. gxh5 Bxe5 18. dxe5 Qh3 19. f4 Rad8 20. Kh1 Rxd1 21.
Rxd1 Nf5 22. Rd3 Qh4 23. Bd2 Kg7 24. Qg2 Qxh5 25. Rh3 1-0

[Event "XVII Festival A"]
[Site "Trieste ITA"]
[Date "2015.08.29"]
[Round "1"]
[White "Zuttioni, Federico"]
[Black "Tratar, Marko"]
[Result "0-1"]
[WhiteElo "2145"]
[BlackElo "2479"]
[PlyCount "85"]
[EventDate "2015.08.29"]

1. e4 e6 2. d4 d5 3. Nc3 Bb4 4. e5 b6 5. Qg4 Bf8 6. Bg5 Qd7 7. O-O-O h6 8. Qh3
Ba6 9. Nge2 Nc6 10. g4 g6 11. Be3 Bg7 12. f4 Nge7 13. Ng3 Bxf1 14. Rhxf1 f6 15.
f5 exf5 16. gxf5 fxe5 17. dxe5 Bxe5 18. Nxd5 Nxd5 19. c4 Nce7 20. cxd5 O-O-O
21. Qg2 Nxf5 22. Nxf5 gxf5 23. d6 Kb8 24. dxc7+ Qxc7+ 25. Qc2 Rxd1+ 26. Kxd1
Qd7+ 27. Qd2 Qa4+ 28. Ke1 Qxa2 29. Bd4 Qd5 30. Bxe5+ Qxe5+ 31. Qe2 Re8 32.
Qxe5+ Rxe5+ 33. Kf2 Rb5 34. Kg3 Rb3+ 35. Kf4 Rxb2 36. h3 Rb3 37. Rh1 Rb4+ 38.
Kxf5 Rh4 39. Ke5 Kb7 40. Kd5 a5 41. Rh2 a4 42. Ra2 Ka6 43. Ra3 0-1

[Event "XVII Festival A"]
[Site "Trieste ITA"]
[Date "2015.08.29"]
[Round "1"]
[White "Moroni, Luca Jr"]
[Black "Seresin, Francesco"]
[Result "1-0"]
[WhiteElo "2461"]
[BlackElo "2142"]
[PlyCount "105"]
[EventDate "2015.08.29"]

1. b3 e5 2. Bb2 Nc6 3. e3 Nf6 4. Bb5 Bd6 5. Na3 Na5 6. Be2 a6 7. c4 O-O 8. Nc2
Nc6 9. a3 Re8 10. d4 exd4 11. Nxd4 Nxd4 12. Bxd4 Qe7 13. Qc1 Be5 14. Bxe5 Qxe5
15. Nf3 Qe7 16. O-O d6 17. Qb2 Bg4 18. Rfd1 Ne4 19. h3 Bh5 20. b4 Qf6 21. Qxf6
Nxf6 22. g4 Bg6 23. Nd4 h5 24. Rac1 hxg4 25. hxg4 a5 26. Nb5 Re7 27. Nc3 axb4
28. axb4 Re5 29. Kf1 Be4 30. Ra1 Rb8 31. Ra7 Bc6 32. Rd4 Ne4 33. Nxe4 Rxe4 34.
b5 Rxd4 35. exd4 Be4 36. Ke1 Kf8 37. Kd2 Ke7 38. Ke3 d5 39. g5 Kd6 40. c5+ Ke6
41. Kf4 Bf5 42. Ra3 g6 43. Re3+ Kd7 44. Ke5 c6 45. Kf6 Be6 46. Ra3 Rh8 47. b6
Rh4 48. Ra7 Kc8 49. Ra8+ Kd7 50. Ba6 Rxd4 51. Bxb7 Rf4+ 52. Kg7 Rb4 53. Kf8 1-0

[Event "XVII Festival A"]
[Site "Trieste ITA"]
[Date "2015.08.29"]
[Round "1"]
[White "Gavrish, Leonid"]
[Black "Jovanic, Ognjen"]
[Result "0-1"]
[WhiteElo "2140"]
[BlackElo "2459"]
[PlyCount "110"]
[EventDate "2015.08.29"]

1. d4 Nf6 2. c4 c6 3. Nc3 d5 4. cxd5 cxd5 5. Bf4 Nc6 6. e3 a6 7. Bd3 Bg4 8.
Nge2 e6 9. O-O Bd6 10. f3 Bh5 11. Rc1 Bg6 12. Na4 Bxf4 13. Nxf4 Nd7 14. Qb3 Na5
15. Qb4 Rb8 16. Rf2 Bxd3 17. Nxd3 Nc4 18. e4 a5 19. Qc3 dxe4 20. fxe4 Nd6 21.
Qe1 O-O 22. Qe3 Rc8 23. Rfc2 Rxc2 24. Rxc2 Qh4 25. Nf2 Nf6 26. g3 Qh5 27. Rc5
Qg6 28. Nc3 h6 29. Qf4 Nfe8 30. Nd3 f5 31. e5 Ne4 32. Rxa5 Qh5 33. Nc5 g5 34.
Qf1 Nd2 35. Qg2 Nf3+ 36. Kh1 b6 37. Nxe6 bxa5 38. Nxf8 Kxf8 39. Qf2 Qg4 40. Ne2
Qe4 41. Nc3 Qd3 42. Qe2 Qxe2 43. Nxe2 Nc7 44. Kg2 Ne1+ 45. Kf1 Nd3 46. Nc3 Nxb2
47. Ke2 Nc4 48. Kd3 Nb6 49. g4 fxg4 50. Ke4 Kf7 51. Kf5 Nbd5 52. Ne2 Ne3+ 53.
Ke4 Ncd5 54. a4 Ke6 55. Ng3 Nd1 0-1

[Event "XVII Festival A"]
[Site "Trieste ITA"]
[Date "2015.08.29"]
[Round "1"]
[White "Korpa, Bence"]
[Black "Pregarac, Valter"]
[Result "1-0"]
[WhiteElo "2433"]
[BlackElo "2116"]
[PlyCount "99"]
[EventDate "2015.08.29"]

1. c4 e6 2. g3 d5 3. Bg2 Nf6 4. d4 Bb4+ 5. Nd2 O-O 6. Ngf3 b6 7. O-O Bb7 8.
cxd5 exd5 9. Ne5 Re8 10. Ndf3 Bd6 11. Qa4 c6 12. Bf4 Ne4 13. Nd3 Bxf4 14. Nxf4
Nd7 15. Rac1 Qe7 16. Nd3 a5 17. Bh3 Red8 18. Rc2 f6 19. Qb3 a4 20. Qb4 Qxb4 21.
Nxb4 c5 22. Be6+ Kf8 23. Bxd5 Bxd5 24. Nxd5 cxd4 25. Nxd4 Ndc5 26. Nc7 Rac8 27.
Ncb5 Nd6 28. Nxd6 Rxd6 29. e3 Ra8 30. a3 Kf7 31. Rc4 g6 32. Rfc1 Rad8 33. Kf1
f5 34. R1c2 Kf6 35. Ke2 g5 36. Rb4 R8d7 37. Nb5 Re6 38. Rcc4 Nd3 39. Rd4 Rxd4
40. Rxd4 Nc5 41. Nc3 g4 42. Nxa4 Ne4 43. Nc3 Ng5 44. Rb4 Kg7 45. Nb5 Rh6 46.
Nd4 Rxh2 47. Rxb6 Ne4 48. Nxf5+ Kf8 49. Kd3 Nxf2+ 50. Kd4 1-0

[Event "XVII Festival A"]
[Site "Trieste ITA"]
[Date "2015.08.29"]
[Round "1"]
[White "Sepehrkhoui, Ardeshir"]
[Black "Codenotti, Marco"]
[Result "1/2-1/2"]
[WhiteElo "2115"]
[BlackElo "2424"]
[PlyCount "89"]
[EventDate "2015.08.29"]

1. d4 d5 2. Nf3 Nf6 3. c4 c6 4. Nc3 dxc4 5. a4 a5 6. e3 Bg4 7. Bxc4 e6 8. h3
Bh5 9. Be2 Bb4 10. O-O O-O 11. Qb3 Qe7 12. e4 h6 13. e5 Nd5 14. Na2 Na6 15.
Nxb4 Naxb4 16. Bd2 Rad8 17. Rac1 Kh8 18. g4 Bg6 19. Rfe1 f5 20. g5 f4 21. Kh2
hxg5 22. Rg1 Bh5 23. Rg2 Rf5 24. Rcg1 c5 25. dxc5 Rc8 26. Bxb4 axb4 27. Nd4
Bxe2 28. Nxf5 exf5 29. Qxd5 g4 30. Rh1 Bf3 31. Qd4 gxh3 32. Kxh3 Rc6 33. Qxf4
Rh6+ 34. Kg3 Rxh1 35. Kxf3 Qd7 36. Rh2+ Rxh2 37. Qxh2+ Kg8 38. Qf4 Qxa4 39.
Qxf5 Qb3+ 40. Kg2 Qd5+ 41. Kg3 Qxc5 42. Qe6+ Kf8 43. Qf5+ Kg8 44. Qe6+ Kf8 45.
Qf5+ 1/2-1/2

[Event "XVII Festival A"]
[Site "Trieste ITA"]
[Date "2015.08.29"]
[Round "1"]
[White "Mazi, Leon"]
[Black "Santeramo, Alessia Carmen"]
[Result "1-0"]
[WhiteElo "2405"]
[BlackElo "2085"]
[PlyCount "125"]
[EventDate "2015.08.29"]

1. e4 e5 2. Nf3 Nc6 3. Bb5 a6 4. Bxc6 dxc6 5. O-O Qf6 6. d4 exd4 7. Qxd4 Qxd4
8. Nxd4 Bd7 9. Bf4 O-O-O 10. Nc3 Ne7 11. Rad1 Ng6 12. Bg3 h5 13. f3 h4 14. Bf2
Bd6 15. Nb3 Ne5 16. Bd4 Nc4 17. Nb1 Bf4 18. Rfe1 Rh6 19. Nc5 Rg6 20. Nd3 Bh6
21. Ne5 Nxe5 22. Bxe5 Re8 23. Bc3 Bf4 24. Nd2 Bh3 25. Re2 Rd8 26. Kh1 Be6 27.
b3 c5 28. Ree1 h3 29. g3 Bxd2 30. Rxd2 Rxd2 31. Bxd2 c4 32. Kg1 cxb3 33. cxb3
Bd7 34. Bc3 Rc6 35. Re3 g6 36. e5 Rc5 37. Kf2 Rd5 38. g4 Bb5 39. a4 Bd3 40. f4
Bc2 41. Kg3 Bxb3 42. a5 b5 43. axb6 cxb6 44. Kxh3 Bc2 45. Kh4 Kd7 46. Bb2 Bd3
47. Re1 b5 48. Bc3 Ke6 49. Ra1 b4 50. Bxb4 Rd4 51. Bd2 Bc4 52. Be3 Re4 53. Ra3
Be2 54. Kg5 a5 55. Bc1 a4 56. Bb2 Kd5 57. h4 Rb4 58. Bc3 Rb3 59. Rxb3 axb3 60.
h5 gxh5 61. gxh5 Bd3 62. f5 Ke4 63. h6 1-0

[Event "XVII Festival A"]
[Site "Trieste ITA"]
[Date "2015.08.29"]
[Round "1"]
[White "Egartner, Wolfgang"]
[Black "Hendriks, Willy"]
[Result "0-1"]
[WhiteElo "2050"]
[BlackElo "2384"]
[PlyCount "112"]
[EventDate "2015.08.29"]

1. d4 Nf6 2. Bg5 c5 3. Bxf6 gxf6 4. dxc5 Na6 5. Nc3 Nxc5 6. e4 Qa5 7. Qd2 Bg7
8. Nf3 d6 9. Nd5 Qxd2+ 10. Nxd2 Kf8 11. O-O-O f5 12. Re1 fxe4 13. Nxe4 Nxe4 14.
Rxe4 Bd7 15. Rb4 Bc6 16. Nc7 Rc8 17. Nb5 a5 18. Ra4 b6 19. Rc4 d5 20. Na7 dxc4
21. Nxc8 Bd4 22. Bxc4 Bxg2 23. Rd1 Bxf2 24. Rd8+ Kg7 25. Rxh8 Kxh8 26. Nxe7 Kg7
27. Nf5+ Kf6 28. Bd3 Ke5 29. Kd2 h5 30. Ke2 Bc5 31. h4 Kf4 32. Nh6 f6 33. c3
Bh3 34. Ng8 f5 35. Nh6 Bf8 36. Nf7 Kg3 37. Ng5 Bg4+ 38. Kf1 Kxh4 39. Ne6 Bd6
40. Kg2 f4 41. Nd4 Kg5 42. Nf3+ Kf6 43. a3 Bd7 44. Be4 a4 45. Bd5 Bc5 46. Nd2
Ke5 47. Bf7 h4 48. Nf3+ Kf6 49. Bd5 h3+ 50. Kh2 Be3 51. b3 b5 52. Nd4 b4 53.
cxb4 Bxd4 54. bxa4 Ke5 55. Bb7 Bxa4 56. Kxh3 Bb2 0-1

[Event "XVII Festival A"]
[Site "Trieste ITA"]
[Date "2015.08.29"]
[Round "1"]
[White "Plenca, Jadranko"]
[Black "Markering, Martin"]
[Result "1-0"]
[WhiteElo "2369"]
[BlackElo "2037"]
[PlyCount "76"]
[EventDate "2015.08.29"]

1. e4 e6 2. d4 d5 3. Nd2 Nf6 4. Bd3 c5 5. c3 Nc6 6. e5 Nd7 7. Ndf3 Qb6 8. Ne2
cxd4 9. cxd4 f6 10. exf6 Nxf6 11. O-O Bd6 12. Ng3 O-O 13. Re1 Bd7 14. b3 Rae8
15. Bb2 Ne7 16. Rc1 Nf5 17. Rc2 Ng4 18. Nxf5 exf5 19. Rxe8 Rxe8 20. h3 Nf6 21.
Ne5 Be6 22. Kh1 Ne4 23. Qe1 Bb4 24. Qe3 Qa5 25. Ba1 Qd8 26. f3 Ng3+ 27. Kh2 Nh5
28. Bc3 Bxc3 29. Rxc3 Qh4 30. Rc7 Qg3+ 31. Kh1 Nf4 32. Bf1 Ng6 33. Rxb7 f4 34.
Qd2 Nh4 35. Rc7 Nf5 36. Bb5 Ne3 37. Kg1 Rb8 38. Bd7 Qg6 1-0

[Event "XVII Festival A"]
[Site "Trieste ITA"]
[Date "2015.08.29"]
[Round "1"]
[White "Belli, Giorgio"]
[Black "Mikalsen, Erlend"]
[Result "1-0"]
[WhiteElo "2027"]
[BlackElo "2350"]
[PlyCount "89"]
[EventDate "2015.08.29"]

1. e4 c5 2. Nf3 e6 3. d4 cxd4 4. Nxd4 Nc6 5. Nc3 Qc7 6. f4 a6 7. Be3 b5 8. a3
Bb7 9. Be2 Nf6 10. e5 Nxd4 11. Bxd4 Nd5 12. O-O Bc5 13. Nxd5 Bxd5 14. Bf3 Bxf3
15. Rxf3 O-O 16. Re3 Bxd4 17. Qxd4 Qa7 18. Qxa7 Rxa7 19. a4 b4 20. Re4 a5 21.
Rd1 f6 22. g4 Kf7 23. Kf2 Ke7 24. Kg3 fxe5 25. fxe5 g5 26. Rh1 Rf4 27. Rxf4
gxf4+ 28. Kxf4 Rc7 29. Kg5 Rxc2 30. Kh6 Rxb2 31. h4 b3 32. Kxh7 Ra2 33. g5 Rxa4
34. h5 b2 35. Rb1 Rg4 36. g6 Rg2 37. g7 Kf7 38. Rf1+ Ke7 39. g8=Q Rxg8 40. Kxg8
a4 41. h6 a3 42. h7 a2 43. h8=Q b1=Q 44. Qf6+ Ke8 45. Qf8# 1-0

[Event "XVII Festival A"]
[Site "Trieste ITA"]
[Date "2015.08.29"]
[Round "1"]
[White "Lodici, Lorenzo"]
[Black "Horton, Jamie A."]
[Result "1-0"]
[WhiteElo "2348"]
[BlackElo "2023"]
[PlyCount "79"]
[EventDate "2015.08.29"]

1. d4 Nf6 2. c4 e6 3. Nc3 d5 4. cxd5 exd5 5. Bg5 c6 6. Qc2 Be7 7. e3 Nbd7 8.
Bd3 Nh5 9. Bxe7 Qxe7 10. Nge2 Nb6 11. O-O g6 12. Qd2 O-O 13. f3 f5 14. Nc1 Bd7
15. Nb3 Nc8 16. Nc5 Nd6 17. b4 a6 18. a4 Nf6 19. Rfe1 Rfe8 20. Qa2 Kh8 21. Qb3
Rg8 22. Qb2 Qg7 23. b5 axb5 24. axb5 g5 25. bxc6 Bxc6 26. Rxa8 Rxa8 27. Ne6 Qg8
28. Nc7 Rc8 29. Qb4 Qf8 30. Ne6 Qe7 31. Nxg5 Rg8 32. Qxd6 Qg7 33. h4 h6 34. Qh2
hxg5 35. hxg5+ Nh7 36. Bxf5 Rf8 37. Bxh7 Qxh7 38. Qxh7+ Kxh7 39. Kf2 Kg6 40. f4
1-0

[Event "XVII Festival A"]
[Site "Trieste ITA"]
[Date "2015.08.29"]
[Round "1"]
[White "Marziali, Giulio"]
[Black "Tabernig, Bernhard"]
[Result "0-1"]
[WhiteElo "2014"]
[BlackElo "2327"]
[PlyCount "66"]
[EventDate "2015.08.29"]

1. e4 e6 2. d4 d5 3. Nc3 Nf6 4. Bg5 dxe4 5. Nxe4 Be7 6. Bd3 Nxe4 7. Bxe7 Qxe7
8. Bxe4 Qb4+ 9. c3 Qxb2 10. Ne2 Qa3 11. O-O Nd7 12. d5 exd5 13. Bxd5 Nf6 14.
Re1 O-O 15. Bb3 Bg4 16. f3 Rad8 17. Qc2 Qc5+ 18. Kh1 Bf5 19. Qc1 Bg6 20. Qf4
Rfe8 21. Qg3 Re3 22. Nf4 Rxc3 23. Rad1 Rxd1 24. Rxd1 Rc1 25. Qe1 Rxd1 26. Qxd1
Qd6 27. Qc1 b5 28. a4 a6 29. Qa1 c5 30. axb5 axb5 31. Qa8+ Qf8 32. Qc6 c4 33.
Ba2 Qe8 0-1

[Event "XVII Festival A"]
[Site "Trieste ITA"]
[Date "2015.08.29"]
[Round "1"]
[White "Ostovic, Matija"]
[Black "Hrescak, Ivana"]
[Result "0-1"]
[WhiteElo "2322"]
[BlackElo "1993"]
[PlyCount "220"]
[EventDate "2015.08.29"]

1. Nf3 Nf6 2. c4 g6 3. g3 Bg7 4. Bg2 O-O 5. O-O d6 6. Nc3 c6 7. Rb1 e5 8. d3
Re8 9. b4 d5 10. cxd5 cxd5 11. Bg5 Na6 12. Nd2 Be6 13. Na4 Rc8 14. b5 Nc5 15.
Nxc5 Rxc5 16. Qa4 Qb6 17. e4 Bd7 18. exd5 Rxb5 19. Bxf6 Bxf6 20. Qe4 Bf5 21.
Qc4 Rb2 22. Rxb2 Qxb2 23. Ne4 Bg7 24. Nd6 Rd8 25. Qc7 Rxd6 26. Qxd6 Bxd3 27.
Re1 Qxa2 28. Qb8+ Bf8 29. Qxe5 Qa3 30. d6 Bxd6 31. Qe8+ Kg7 32. Bd5 b5 33.
Qxf7+ Kh6 34. Qd7 Qb4 35. Qh3+ Kg7 36. Qd7+ Kh6 37. Rd1 Be2 38. Qh3+ Kg7 39.
Qd7+ Kh6 40. Ra1 Qd4 41. Qxa7 Bc5 42. Qa2 Qxf2+ 43. Kh1 Bd4 44. Bg2 Bxa1 45.
Qxa1 Qe3 46. h4 Bf3 47. Bxf3 Qxf3+ 48. Kh2 Qf2+ 49. Kh3 Qf5+ 50. Kg2 Qc2+ 51.
Kg1 b4 52. Qe5 Qc1+ 53. Kh2 b3 54. Qb8 Qc3 55. Qd6 Qe3 56. Qf8+ Kh5 57. Qb4 Qe6
58. Qf4 Qf5 59. Qb4 Qe6 60. Qf4 Qd5 61. Qb4 Qf7 62. Kh3 Qf1+ 63. Kh2 Qe2+ 64.
Kh3 Qf3 65. Qd4 Qf1+ 66. Kh2 Qe2+ 67. Kh3 Qf1+ 68. Kh2 Qe2+ 69. Kh3 Qf3 70.
Qc5+ Kh6 71. Qb4 Qh1+ 72. Kg4 Qd1+ 73. Kh3 Qd7+ 74. Kh2 Qf7 75. Qd4 Qb7 76.
Qf4+ Kg7 77. Qd4+ Kf7 78. Qc4+ Kf6 79. Qd4+ Ke6 80. Qg4+ Kd6 81. Qd4+ Qd5 82.
Qb6+ Ke5 83. Qe3+ Kd6 84. Qb6+ Kd7 85. Qa7+ Kc6 86. Qa6+ Kc5 87. Qa5+ Kc4 88.
Qa4+ Kd3 89. Qa3 Kc2 90. Qa4 Kb1 91. Qb4 b2 92. Qa3 Qd4 93. Qb3 Qf2+ 94. Kh3
Qf1+ 95. Kh2 Qf5 96. Qe3 Qc2+ 97. Kh3 Qc8+ 98. Kh2 Qc1 99. Qb6 Kc2 100. Qc5+
Kd3 101. Qd5+ Ke2 102. Qb5+ Kd1 103. Qf1+ Kc2 104. Qc4+ Kb1 105. Qb4 Qc2+ 106.
Kh3 Qe2 107. Qb3 h5 108. Qc3 Qf1+ 109. Kh2 Qf2+ 110. Kh3 Qf5+ 0-1

[Event "XVII Festival A"]
[Site "Trieste ITA"]
[Date "2015.08.29"]
[Round "1"]
[White "Zamar, Kodelja Jurij"]
[Black "Doric, Nenad"]
[Result "1/2-1/2"]
[WhiteElo "1973"]
[BlackElo "2298"]
[PlyCount "69"]
[EventDate "2015.08.29"]

1. d4 d5 2. c4 c6 3. Nf3 Nf6 4. e3 e6 5. b3 Nbd7 6. Bd3 b6 7. O-O Bb7 8. Bb2
Be7 9. Nbd2 O-O 10. Qe2 c5 11. Rfd1 Rc8 12. Rac1 Rc7 13. Ne5 cxd4 14. exd4 Qa8
15. Nxd7 Rxd7 16. c5 Rc8 17. b4 Rdd8 18. Nf3 a5 19. a3 bxc5 20. bxc5 Nd7 21.
Bb5 Bc6 22. a4 Rb8 23. Bc3 Rdc8 24. Rb1 Bf6 25. Qd2 Bd8 26. Re1 Rb7 27. Rb2 h6
28. h3 Rbb8 29. Rbb1 Bc7 30. Bxc6 Qxc6 31. Bxa5 Rxb1 32. Rxb1 Qxa4 33. Bxc7
Rxc7 34. Qb2 Qc6 35. Qb4 1/2-1/2

[Event "XVII Festival A"]
[Site "Trieste ITA"]
[Date "2015.08.29"]
[Round "1"]
[White "Di Paolo, Raffaele"]
[Black "Blasco, Domenico"]
[Result "1-0"]
[WhiteElo "2279"]
[BlackElo "1954"]
[PlyCount "77"]
[EventDate "2015.08.29"]

1. e4 g6 2. d4 Bg7 3. Nf3 d6 4. Nc3 a6 5. Bd3 b5 6. O-O e6 7. a4 b4 8. Na2 c5
9. c3 bxc3 10. bxc3 Nd7 11. Bf4 Qc7 12. dxc5 Qxc5 13. Rb1 Ne7 14. Bc2 e5 15.
Be3 Qc7 16. Bb3 O-O 17. Nb4 Bb7 18. Nd5 Nxd5 19. Bxd5 Bxd5 20. Qxd5 Nf6 21. Qd3
Qc6 22. Rb6 Qxa4 23. c4 Rfc8 24. Rxd6 Qxc4 25. Rd8+ Rxd8 26. Qxc4 a5 27. Nxe5
Nd5 28. Nxf7 Kxf7 29. exd5 Bf6 30. g4 a4 31. g5 Be5 32. d6+ Kf8 33. Bc5 Kg7 34.
Bd4 Bxd4 35. Qxd4+ Kg8 36. Qd5+ Kg7 37. Qe5+ Kg8 38. Qe6+ Kh8 39. Rc1 1-0

[Event "XVII Festival A"]
[Site "Trieste ITA"]
[Date "2015.08.29"]
[Round "1"]
[White "Simoni, Giulio"]
[Black "Pescatore, Lorenzo"]
[Result "0-1"]
[WhiteElo "1930"]
[BlackElo "2279"]
[PlyCount "70"]
[EventDate "2015.08.29"]

1. e4 c5 2. Nf3 Nc6 3. d4 cxd4 4. Nxd4 g6 5. Nc3 Bg7 6. Be3 Nf6 7. Bc4 O-O 8.
Bb3 a5 9. f3 d5 10. exd5 Nb4 11. Nde2 a4 12. Nxa4 Nfxd5 13. Bf2 Bf5 14. a3
Nxc2+ 15. Bxc2 Qa5+ 16. Kf1 Bxc2 17. Qxc2 Qxa4 18. Qxa4 Rxa4 19. Rd1 Rd8 20.
Rd2 Bh6 21. Rd4 Rxd4 22. Nxd4 Ne3+ 23. Ke2 Nxg2 24. Rd1 Nf4+ 25. Ke1 Ng2+ 26.
Ke2 e5 27. Nb5 Nf4+ 28. Ke1 Rxd1+ 29. Kxd1 Nd3 30. Bg3 Nxb2+ 31. Kc2 Nc4 32.
Kd3 Nd2 33. Bxe5 Nxf3 34. Bc7 f5 35. a4 Kf8 0-1

[Event "XVII Festival A"]
[Site "Trieste ITA"]
[Date "2015.08.29"]
[Round "1"]
[White "Horton, Andrew P."]
[Black "Pridigar, Lovro"]
[Result "1-0"]
[WhiteElo "2278"]
[BlackElo "1919"]
[PlyCount "103"]
[EventDate "2015.08.29"]

1. Nf3 Nf6 2. c4 g6 3. g3 Bg7 4. Bg2 O-O 5. O-O d6 6. Nc3 c5 7. d4 Nc6 8. d5
Na5 9. Nd2 Rb8 10. Qc2 a6 11. b3 b5 12. Bb2 bxc4 13. bxc4 Nd7 14. Rab1 Ne5 15.
Nd1 Rb7 16. h3 f5 17. f4 Nf7 18. Bxg7 Kxg7 19. Rxb7 Bxb7 20. e4 Nh6 21. Ne3 Bc8
22. Kh2 fxe4 23. g4 e5 24. dxe6 Bxe6 25. Qc3+ Kg8 26. Nxe4 Nxc4 27. Nxc4 Bxc4
28. Qxc4+ d5 29. Qxa6 dxe4 30. Qc4+ Nf7 31. Qxc5 e3 32. Qxe3 Re8 33. Qf3 Qd2
34. Rf2 Qc1 35. Qb3 Re3 36. Qb8+ Kg7 37. Qb2+ Qxb2 38. Rxb2 Nd6 39. Rb6 Nc4 40.
Rb7+ Kh8 41. Bd5 Re2+ 42. Kg3 Nd6 43. Rd7 Ne8 44. g5 Ng7 45. Rd8+ Re8 46. Rxe8+
Nxe8 47. a4 Nd6 48. a5 Nb5 49. Bc4 Na7 50. Kf3 Kg7 51. Ke4 h6 52. Kd5 1-0

[Event "XVII Festival A"]
[Site "Trieste ITA"]
[Date "2015.08.29"]
[Round "1"]
[White "Loiacono, Leonardo"]
[Black "Jacob, Volker"]
[Result "1/2-1/2"]
[WhiteElo "1916"]
[BlackElo "2269"]
[PlyCount "165"]
[EventDate "2015.08.29"]

1. e4 e5 2. Nf3 Nc6 3. d4 exd4 4. Bc4 Nf6 5. O-O Nxe4 6. Re1 d5 7. Bxd5 Qxd5 8.
Nc3 Qh5 9. Nxe4 Be6 10. Bg5 Bd6 11. Nxd6+ cxd6 12. Bf4 Qd5 13. c3 Rc8 14. Nxd4
Nxd4 15. Qxd4 Qxd4 16. cxd4 Kd7 17. Rec1 Rxc1+ 18. Rxc1 Bxa2 19. Ra1 Bc4 20.
Rc1 Bd5 21. f3 a5 22. Bd2 Ra8 23. Ra1 b6 24. Rc1 b5 25. Kf2 b4 26. Ke3 Rb8 27.
Kd3 a4 28. Ra1 Bb3 29. Rc1 Rb7 30. Ra1 Ke6 31. Ke4 Bc2+ 32. Ke3 a3 33. Bc1 axb2
34. Bxb2 Kd5 35. Kd2 Bg6 36. Rc1 b3 37. Ra1 Rc7 38. Rc1 Bc2 39. Ra1 Kc4 40. Bc3
Re7 41. Ra4+ Kb5 42. Ra5+ Kb6 43. Ra1 f5 44. Ra8 Rb7 45. Bb2 Kb5 46. Rc8 Re7
47. Rb8+ Kc4 48. Rc8+ Kd5 49. Rb8 f4 50. Rb6 Re3 51. Ba3 Kxd4 52. Rxd6+ Kc4 53.
h4 Rd3+ 54. Rxd3 Bxd3 55. Bb2 g6 56. Ke1 Kd5 57. Kf2 Bb5 58. Ke1 Ke6 59. Kf2
Kf5 60. Ke1 Bc4 61. Kf2 h6 62. Ke1 Bb5 63. Kf2 Bc6 64. Ke1 Bd5 65. Ke2 Bc4+ 66.
Kf2 Bb5 67. Ke1 Ke6 68. Kf2 Kd5 69. Ke1 Bd3 70. Kf2 Kc4 71. Ke1 Bf5 72. Kd2 g5
73. hxg5 hxg5 74. Bf6 g4 75. fxg4 Bxg4 76. Be5 Bf5 77. Kc1 Be4 78. Bxf4 Bxg2
79. Kb2 Bd5 80. Bh6 Kd3 81. Bg7 Kc4 82. Bh6 Kb4 83. Bd2+ 1/2-1/2

[Event "XVII Festival A"]
[Site "Trieste ITA"]
[Date "2015.08.29"]
[Round "1"]
[White "Bentivegna, Francesco"]
[Black "Markocic, Tine"]
[Result "1/2-1/2"]
[WhiteElo "2234"]
[BlackElo "1901"]
[PlyCount "51"]
[EventDate "2015.08.29"]

1. e4 c5 2. c3 d5 3. exd5 Qxd5 4. d4 Nf6 5. Nf3 Bg4 6. Nbd2 Nc6 7. Bc4 Bxf3 8.
Qb3 Na5 9. Qb5+ Qd7 10. Nxf3 Nxc4 11. Qxc4 cxd4 12. Nxd4 e6 13. Bg5 Rc8 14. Qe2
Be7 15. Rd1 Qd5 16. Nf3 Qe4 17. Rd4 Qb1+ 18. Rd1 Qe4 19. Qxe4 Nxe4 20. Be3 Bc5
21. Ke2 Ke7 22. Bxc5+ Nxc5 23. Rd4 Rhd8 24. Rhd1 f6 25. Rxd8 Rxd8 26. Rxd8
1/2-1/2

[Event "XVII Festival A"]
[Site "Trieste ITA"]
[Date "2015.08.29"]
[Round "1"]
[White "Viola, Enrico"]
[Black "Monjac, Mislav"]
[Result "0-1"]
[WhiteElo "1848"]
[BlackElo "2222"]
[PlyCount "56"]
[EventDate "2015.08.29"]

1. e4 c5 2. Nf3 d6 3. Bb5+ Nc6 4. d4 cxd4 5. Nxd4 Bd7 6. Nc3 g6 7. O-O Bg7 8.
Be3 Nf6 9. Be2 O-O 10. Rb1 Ne5 11. h3 Qc8 12. f4 Nc4 13. Qd3 Nxe3 14. Qxe3 Qc5
15. Kh1 Nh5 16. Rbd1 Bxd4 17. Qxd4 Ng3+ 18. Kh2 Nxf1+ 19. Bxf1 Qxd4 20. Rxd4
Bc6 21. Bc4 Rfd8 22. g3 e6 23. Bb3 Rac8 24. Ne2 d5 25. e5 Bb5 26. Nc3 Bc4 27.
Ba4 a6 28. b3 Bf1 0-1

[Event "XVII Festival A"]
[Site "Trieste ITA"]
[Date "2015.08.29"]
[Round "1"]
[White "Srebrnic, Vojko"]
[Black "Loiacono, Antonio"]
[Result "1/2-1/2"]
[WhiteElo "2202"]
[BlackElo "1843"]
[PlyCount "61"]
[EventDate "2015.08.29"]

1. e4 c5 2. f4 e6 3. Nf3 d5 4. Bb5+ Bd7 5. Bxd7+ Qxd7 6. d3 dxe4 7. dxe4 Qxd1+
8. Kxd1 Nc6 9. Be3 Nf6 10. Nbd2 Rd8 11. Ke2 Be7 12. g3 b6 13. Rhd1 h6 14. h3
Kd7 15. g4 Kc7 16. Bf2 Rd7 17. Ne5 Nxe5 18. fxe5 Nh7 19. Nf3 Rxd1 20. Rxd1 Ng5
21. Nxg5 Bxg5 22. Bg3 Rd8 23. Rxd8 Bxd8 24. Kd3 Kc6 25. c4 Bc7 26. Ke3 Kd7 27.
Kf3 Bb8 28. h4 g5 29. h5 Bc7 30. b3 Bb8 31. Kf2 1/2-1/2

[Event "XVII Festival A"]
[Site "Trieste ITA"]
[Date "2015.08.29"]
[Round "1"]
[White "Iasman, Inna"]
[Black "McPhillips, Joseph"]
[Result "0-1"]
[WhiteElo "1789"]
[BlackElo "2191"]
[PlyCount "106"]
[EventDate "2015.08.29"]

1. d4 d5 2. c4 Nc6 3. Nf3 Bg4 4. e3 e6 5. Nc3 Nf6 6. Bd3 Be7 7. O-O O-O 8. b3
Nb4 9. Bb1 c5 10. dxc5 dxc4 11. bxc4 Qa5 12. h3 Rfd8 13. Qe2 Bxf3 14. Qxf3 Nc2
15. Bb2 Nxa1 16. Bxa1 Qxc5 17. Ne4 Nxe4 18. Qxe4 Bf6 19. Bxf6 gxf6 20. Qxh7+
Kf8 21. Qe4 Rd7 22. Qf3 Ke7 23. Be4 Qxc4 24. Bxb7 Rad8 25. a4 Qxf1+ 26. Kxf1
Rd1+ 27. Qxd1 Rxd1+ 28. Ke2 Rb1 29. Bc6 Rb2+ 30. Kf3 f5 31. Bb5 Rb4 32. g3 a5
33. Ke2 Rb2+ 34. Ke1 Ra2 35. h4 Rb2 36. Be2 e5 37. Bd1 Kf6 38. Kf1 Rb1 39. Ke2
f4 40. exf4 exf4 41. g4 f3+ 42. Kd2 Rb4 43. Bxf3 Rxa4 44. Bd1 Rd4+ 45. Kc1 Rb4
46. f3 a4 47. Bc2 a3 48. Bb1 Rb3 49. f4 Rf3 50. g5+ Kg7 51. Ba2 Rxf4 52. h5 Rf5
53. g6 f6 0-1